Win the Indian Presidential Election - Statistics

General Stats
  • This quiz has been taken 1,333 times
  • The average score is 200 of 403
Answers on the Map
Answers color-coded by a green-red scale on the quiz's map according to % correct below.
 
Answer Stats
State % Correct
Uttar Pradesh
82%
Gujarat
62%
Tamil Nadu
62%
West Bengal
60%
Rajasthan
57%
Maharashtra
56%
Madhya Pradesh
46%
Bihar
45%
Delhi
44%
Andhra Pradesh
42%
Kerala
41%
Karnataka
39%
Punjab
38%
Assam
33%
Jammu and Kashmir
33%
Odisha
29%
Telangana
26%
Goa
23%
Haryana
18%
Sikkim
15%
Jharkhand
10%
Chhattisgarh
9%
Himachal Pradesh
8%
Ladakh
8%
Arunachal Pradesh
6%
Andaman and Nicobar Islands
5%
Uttarakhand
5%
Manipur
4%
Nagaland
4%
Mizoram
3%
Puducherry
3%
Tripura
3%
Chandigarh
2%
Meghalaya
2%
Dadra and Nagar Haveli and Daman and Diu
1%
Lakshadweep
1%
No matching quizzes found
Score Distribution
Percent of People with Each Score
Percentile by Number Answered
Your Score History
You have not taken this quiz